000 00224nam a2200097Ia 4500
008 120527s9999 xx 000 0 und d
100 _aCORDER,W.Brice.
245 _aHealth current perspectives.
260 _bWCB
942 _cBK
999 _c23886
_d23886